Statistics for Famous football players #5

Click here to take the quiz!

General Stats

  • This quiz has been taken 44 times
  • The average score is 12 of 16

Answer Stats

Answer% Correct
Andrés Iniesta
100%
Neymar
100%
Ronaldo
100%
Virgil Van Dijk
98%
N'Golo Kanté
93%
Frank Lampard
88%
Steven Gerrard
88%
Andriy Shevchenko
80%
Franz Beckenbauer
80%
Marouane Fellaini
80%
Gonzalo Higuaín
78%
Roberto Baggio
78%
Antonio Conte
73%
Hristo Stoichkov
43%
Georgios Samaras
25%
Jari Litmanen
8%

Score Distribution

Percentile by Number Answered

Percent of People with Each Score

Your Score History

You have not taken this quiz